| 000 | 00847nam a22002777a 4500 | ||
|---|---|---|---|
| 003 | CHAP | ||
| 005 | 20220329140548.0 | ||
| 008 | 971013s1970 r 00010 d | ||
| 010 | _a53964 | ||
| 011 | _a54936 | ||
| 035 | _a59088 | ||
| 040 | _cCHAP | ||
| 090 | _aFolleto 2918y | ||
| 100 | 0 | 0 |
_aRust, Irwin W. _9100983 |
| 245 | 1 | _aLo que deben saber los mienbros de las cooperativas | |
| 260 |
_aMéxico, D. F. ; Centro Regional de Ayuda Técnica, _c1970 |
||
| 300 |
_a10 p. _b: ilus. |
||
| 490 |
_aUSDA. Educational ciruclar _v; 24 |
||
| 590 |
_aBATCH-UPD _b10 _c20130110 _lUCH01 _h0646 |
||
| 590 |
_aCONVERSION _b10 _c20130109 _lUCH01 _h1329 |
||
| 650 | 1 | 4 |
_aAgricultura cooperativa. _91945 |
| 830 | 0 |
_aUSDA. Educational ciruclar _v; 24 _9117052 |
|
| 901 | _aBK | ||
| 942 | _cFOLL | ||
| 949 |
_aFolleto 2918y _bBC _cFOLL _d-127907 _eTS1 _i59088 _si |
||
| 999 |
_c53964 _d53964 |
||